Представление документа в формате MARC21

Поле Инд. ПП Название Значение
Тип записи a
Библиографический уровень a
001 Контрольный номер RU/IS/BASE/138474002
005 Дата корректировки 20240112092447.8
084 a Индекс другой классификации/Индекс ББК 81в663
090 00 a Полочн. индекс 81я43
x Авторский знак П 781
100 10 a Автор Мельников Г. П.
245 00 a Заглавие Системная лингвистика и ее отношение к структурной
650 04 a Основная рубрика филологические науки; языкознание
a Основная рубрика общее языкознание
653 00 a Ключевые слова доминанта системы
a Ключевые слова методы лингвистических исследований
a Ключевые слова самонастраивающиеся системы
a Ключевые слова системная лингвистика
a Ключевые слова системность языка
a Ключевые слова системный анализ
a Ключевые слова системный метод
a Ключевые слова структурная лингвистика
a Ключевые слова структурно-функциональный метод
773 00 d Дата издания источника Москва, 1967
g Прочая информация С. 98-102
t Заглавие источника Проблемы языкознания
w Контрольный № источника RU/IS/BASE/102085341
901 t Тип документа a